Uczestnicy SoN 2018 - Statystyki

Ogólne statystyki
  • Ten quiz został rozwiązany 21 razy
  • Średni wynik to 43 z 58
Statystyki odpowiedzi
Narodowość Odpowiedź % Poprawnych
Aleksandr Loktajew
100%
Łotwa Andrzej Lebiediew
100%
Rosja Artiom Laguta
100%
Rosja Artiom Łaguta
100%
Francja David Bellego
100%
Emil Sayfutdinow
100%
Emil Sayfutdinow
100%
Szwecja Fredrik Lindgren
100%
Szwecja Fredrik Lindgren
100%
USA Greg Hancock
100%
Australia Jason Doyle
100%
Australia Jason Doyle
100%
Kai Huckenbeck
100%
Niemcy Kai Huckenbeck
100%
Niemcy Martin Smolinski
100%
Martin Smolinski
100%
Słowenia Matej Zagar
100%
Wielka Brytania Tai Woffinden
100%
Wielka Brytania Tai Woffinden
100%
Finlandia Timo Lahti
100%
Antonio Lindbaeck
89%
Antonio Lindbaeck
89%
Dimitri Berge
89%
Polska Maciej Janowski
89%
Patryk Dudek
89%
Maksym Drabik
78%
Włochy Nicolas Covatti
78%
Paco Castagna
78%
Robert Lambert
78%
Robert Lambert
78%
Craig Cook
67%
Craig Cook
67%
Jaimon Lidsey
67%
Jaimon Lidsey
67%
Josef Franc
67%
Matic Ivacic
67%
Max Fricke
67%
Max Fricke
67%
Czechy Vaclav Milik
67%
Ukraina Andriej Karpow
56%
Gino Manzares
56%
Jan Kvech
56%
Kenneth Bjerre
56%
Kenneth Bjerre
56%
Kjastas Puodżuks
56%
Dania Michael Jepsen Jensen
56%
Dania Michael Jepsen Jensen
56%
Oleg Mihaiłow
56%
Michael Hartel
44%
Michael Hartel
44%
Nick Skorja
44%
Tero Aarnio
44%
Gleb Czogunow
33%
Gleb Czogunow
33%
Joel Kling
33%
Joel Kling
33%
Frederik Jakobsen
22%
Frederik Jakobsen
22%
Nie znaleziono quizów pasujących do podanych kryteriów
Rozkład punktacji
Procent ludzi z każdym wynikiem
Percentyl według liczby udzielonych odpowiedzi
Twoja historia wyników
Nie rozwiązałeś tego quizu